Les châteaux de la Loire par les images... - Statistiques

Statistiques générales
  • Ce quiz a été pris 161 fois
  • Le résultat moyen est 14 sur 76
Statistiques - réponses
Par images Hint Réponse % Correct
C******* Chambord
90%
A****** Amboise
87%
B**** Blois
79%
C********* Chenonceau
73%
A***** Angers
72%
A***-**-****** Azay-le-Rideau
67%
C******* Cheverny
57%
C***** Chinon
51%
V******** Villandry
49%
U*** Ussé
45%
S***** Saumur
44%
N***** Nantes
40%
T**** Tours
38%
L******* Langeais
36%
C*******-***-***** Chaumont-sur-Loire
32%
L***** Loches
32%
G*** Gien
29%
S****-***-***** Sully-sur-Loire
26%
V******* Valençay
23%
L* **** Le Lude
16%
B********* Beauregard
15%
B******-****** Brissac-Quincé
15%
M********* Montpoupon
14%
B******** Beaugency
12%
B**** Brézè
12%
R******** (détruit) Richelieu
12%
A***-**-****** Azay-le-Ferron
11%
C********* Châteaudun
11%
M********* Montsoreau
11%
P******-***-***** Plessis-lès-Tours
11%
C********* (détruit) Chanteloup
10%
F*******-***-****** Fougères-sur-Bièvre
10%
L* F****-*****-***** La Ferté-Saint-Aubin
10%
M***** Menars
10%
T**** Talcy
10%
L* G**-P*** Le Gué-Péan
9%
M****-***-***** Meung-sur-Loire
9%
P******-****** Plessis-Bourré
9%
S**** Saché
9%
M********-****** Montreuil-Bellay
8%
C**** Candé
7%
G***** Gizeux
7%
L******* Lavardin
7%
L'******* L'Islette
7%
L***** Luynes
7%
M******* Meillant
7%
M******** Montrésor
7%
M********** Montrichard
7%
S****** Serrant
7%
V****** Vendôme
7%
V********* Villesavin
7%
A*** Argy
6%
B**** Baugé
6%
C**********-***-***** Châteauneuf-sur-Loire
5%
C****** Chissay
5%
S****-******-***-**** Saint-Aignan-sur-Cher
5%
T******* Troussay
5%
C***-****-**-**** Cinq-Mars-la-Pile
4%
C********* Courtalain
4%
D********-**-***** Dampierre-en-Burly
4%
G******* Goulaine
4%
L* B******* La Bussière
4%
M*********** Montgeoffroy
4%
S***** Selles
4%
V***** Valmer
4%
C****** Chémery
3%
L* P********* La Possonière
3%
M******** Montlouis
3%
B********** Boisgibault
2%
L*****-***-******* Lassay-sur-Croisne
2%
L***** Lemere
2%
M*******-**-******** Montigny-le-Gannelon
2%
C*****-***-***** Chouzé-sur-Loire
1%
R****** Roujoux
1%
S****-*******-***-**** Saint-Brisson-sur-Loire
1%
C********** Chamarolles
0%
Aucun quiz correspondant
Distribution des résultats
% des personnes avec chaque résultat
Percentile par nombre de réponses
Votre historique - résultats
Vous n’avez pas pris ce quiz